00307 2200133 4500001002100000005001500021035002000036245006100056300000800117260001900125082000800144084000800152990001300160INLIS00000000000218520250527010100 a0010-0525000477 aTatsacheniiber deutschlabd /cGoetha institute indonesia a184 bkatalis,c2005 a430 a430 a07.13309